000 00333nam a2200133Ia 4500
008 230917s9999||||xx |||||||||||||| ||und||
040 _e27339
_aMAIN
041 _aEnglish
082 _a005.8 R342C
100 _aRhee, Man Young
245 0 _aCryptography and secure communications
260 _aSingapore
_bMcGraw-Hill
942 _cBK
999 _c97280
_d97280